Naya Daur (Record no. 19845)

MARC details
000 -LEADER
fixed length control field 03170ngm a2200493 4500
003 - CONTROL NUMBER IDENTIFIER
control field dpl
005 - DATE AND TIME OF LATEST TRANSACTION
control field 20081215150459.0
007 - PHYSICAL DESCRIPTION FIXED FIELD--GENERAL INFORMATION
fixed length control field DVD
008 - FIXED-LENGTH DATA ELEMENTS--GENERAL INFORMATION
fixed length control field ||||||sp199 xxu|||||c ||| 00| 0 ng d
010 ## - LIBRARY OF CONGRESS CONTROL NUMBER
LC control number DVD-001494-1496 & DVD-005031-5036
024 ## - OTHER STANDARD IDENTIFIER
Standard number or code SHE DVD 733
Terms of availability 199.00
035 ## - SYSTEM CONTROL NUMBER
System control number DVD-001494-1496
035 ## - SYSTEM CONTROL NUMBER
System control number DVD-005031-5036
040 ## - CATALOGING SOURCE
Original cataloging agency DPL
Transcribing agency DPL
082 ## - DEWEY DECIMAL CLASSIFICATION NUMBER
Classification number DVD / NAYA
245 ## - TITLE STATEMENT
Title Naya Daur
Statement of responsibility, etc B. R. Chopra Film Presents
Medium [videorecording] DVD/
260 ## - PUBLICATION, DISTRIBUTION, ETC. (IMPRINT)
Name of publisher, distributor, etc Shemaroo Video Pvt. Ltd.
300 ## - PHYSICAL DESCRIPTION
Extent 2 videodisc DVD; (163+38 min.) :
Other physical details sd., col. ;
Dimensions 4 3/4 in.
Type of unit DVD
440 ## - SERIES STATEMENT/ADDED ENTRY--TITLE
Title Shemaroo Home Entertainment
500 ## - GENERAL NOTE
General note Digitally Re-Mastered From the Original Film
500 ## - GENERAL NOTE
General note Filmfare Award Winner Best Actor: Dilip Kumar, Best Music: O. P. Nayyar, Best Story: Akhtar Mirza
500 ## - GENERAL NOTE
General note Bonus Features in Dvd 2: Celebrity Interview, Deleted Scenes
538 ## - SYSTEM DETAILS NOTE
System details note Dolby Digital 5.1 - Hindi Subtitles: English
538 ## - SYSTEM DETAILS NOTE
System details note Anamorphic Wide Screen Format, Presented 2:35.1 Aspect Ratio Enhancaead for 16:9 Wide Screen
650 ## - SUBJECT ADDED ENTRY--TOPICAL TERM
Topical term or geographic name as entry element Motion Picture
700 ## - ADDED ENTRY--PERSONAL NAME
Personal name Chopra, B. R.
700 ## - ADDED ENTRY--PERSONAL NAME
Personal name Nayyar, O. P.
700 ## - ADDED ENTRY--PERSONAL NAME
Personal name Sahir
700 ## - ADDED ENTRY--PERSONAL NAME
Personal name Dilip Kumar
700 ## - ADDED ENTRY--PERSONAL NAME
Personal name Vyjantimala
700 ## - ADDED ENTRY--PERSONAL NAME
Personal name Ajit
942 ## - ADDED ENTRY ELEMENTS (KOHA)
Koha item type CD-ROMs, DVDs, VHS
Source of classification or shelving scheme Dewey Decimal Classification
Classification part DVD
Call number suffix NAYA
Holdings
Withdrawn status Lost status Source of classification or shelving scheme Damaged status Not for loan Home library Current library Date acquired Source of acquisition Cost, normal purchase price Total Checkouts Full call number Barcode Date last seen Date checked out Copy number Cost, replacement price Price effective from Koha item type Total Renewals
    Dewey Decimal Classification     Central Library Central Library 15/12/2008 Purchase 199.00 31 DVD NAYA DVD-001494 18/09/2014 02/09/2014 1 199.00 15/12/2008 CD-ROMs, DVDs, VHS  
    Dewey Decimal Classification     Janak Puri Janak Puri 26/11/2009 Pioneers/885/29-10-09/325/13-10-09 /06-11-09 199.00 21 DVD NAYA DVD-005031 20/12/2013 22/06/2013 1 199.00 26/11/2009 CD-ROMs, DVDs, VHS  
    Dewey Decimal Classification     Karol Bagh Karol Bagh 26/11/2009 Pioneers/885/29-10-09/325/13-10-09 /06-11-09 199.00 14 DVD NAYA DVD-005034 27/07/2015 15/07/2015 1 199.00 26/11/2009 CD-ROMs, DVDs, VHS  
    Dewey Decimal Classification     Narela Narela 26/11/2009 Pioneers/885/29-10-09/325/13-10-09 /06-11-09 199.00 5 DVD NAYA DVD-005035 01/06/2011 30/05/2011 1 199.00 26/11/2009 CD-ROMs, DVDs, VHS  
    Dewey Decimal Classification     Patel Nagar Patel Nagar 15/12/2008 Purchase 199.00 16 DVD NAYA DVD-001496 18/07/2011 28/06/2011 1 199.00 15/12/2008 CD-ROMs, DVDs, VHS  
    Dewey Decimal Classification     R.K.Puram-8 R.K.Puram-8 26/11/2009 Pioneers/885/29-10-09/325/13-10-09 /06-11-09 199.00 2 DVD NAYA DVD-005032 04/04/2013 02/04/2013 1 199.00 26/11/2009 CD-ROMs, DVDs, VHS  
    Dewey Decimal Classification     Sarojini Nagar Sarojini Nagar 15/12/2008 Purchase 199.00 11 DVD NAYA DVD-001495 18/02/2012 18/02/2012 1 199.00 15/12/2008 CD-ROMs, DVDs, VHS 1
    Dewey Decimal Classification     Shahdara Branch Shahdara Branch 26/11/2009 Pioneers/885/29-10-09/325/13-10-09 /06-11-09 199.00   DVD NAYA DVD-005036 26/11/2009   1 199.00 26/11/2009 CD-ROMs, DVDs, VHS  
    Dewey Decimal Classification     Vinoba Puri Vinoba Puri 26/11/2009 Pioneers/885/29-10-09/325/13-10-09 /06-11-09 199.00 4 DVD NAYA DVD-005033 11/05/2012 19/04/2012 1 199.00 26/11/2009 CD-ROMs, DVDs, VHS  

© Delhi Public Library
Hit Counter
free hit counter